Регионална библиотека "Любен Каравелов" - Русе

Сборник от задачи за подготвителния осеммесечен курс (Запис номер 201868)

MARC детайли
000 -Лидер
Контролно поле с фиксирана дължина 01150nam a2200289 c 4500
003 - Код на организацията, давaща контролен номер
Контролно поле BLK
005 - Дата и час на последна редакция
Контролно поле 20180422120511.0
008 - Елементи от данни с фиксирана дължина
fixed length control field 180411b bul|||||r ||||||| ||bul||
010 ## - Наследен системен номер
LC control number KNG00211327000
040 ## - Източник на каталожния запис
Идентификатор на билиотеката - собственик на записа BLK
041 ## - Код за език
Код за езика на текст/звукозапис или на отделно заглавие Български
Код за езика КДБФ Български
080 ## - УДК
Текстов определител УДК Математика
УДК код - определител по УДК 51
УДК определител (075.4)
УДК - код + определител 51(075.4)
100 1# - Редна дума - Автор
Автор Чимев, Кирил Николов
Авторска отговорност първи автор
R(LIN) 366963
139 ## - Редно поле
Редна дума Чимев, Кирил Николов и др.
Авторски знак Чило - Ч 82
245 10 - Сведения за заглавието
Заглавие Сборник от задачи за подготвителния осеммесечен курс
Редно поле (дума) Кирил Николов Чимев; съавт. Маргарита Тодорова; съавт. Димитър Ковачев.
257 ## - Страна на издаване
Страна на създаване/издаване България
260 ## - Област на издателските данни
-- Благоевград
Име на издателя, разпространителя и проч. ВПИ
Година на издаване 1988
300 ## - Физическа характеристика
Страници 321 с.
Илюстрации и др. с черт., табл.
Размери/Мащаб 20 см
380 ## - Жанр
Жанр Естествени науки. Математика
700 1# - Други автори (авторска отговорност)
Лично име Тодорова, Маргарита
Автороска отговорност (Описва отношението между автора и произведението) съавт.
9 (RLIN) 367995
700 1# - Други автори (авторска отговорност)
Лично име Ковачев, Димитър
Автороска отговорност (Описва отношението между автора и произведението) съавт.
9 (RLIN) 369917
852 ## - Местоположение
Форматна сигнатура Цб 158004
856 4# - Електронен адрес и достъп
Електронен формат pdf - файл
Път до файла /url/
856 4# - Електронен адрес и достъп
Електронен формат pdf - файл
Път до файла /url/
942 ## - АРТИКУЛИ
Вид на библиотечния материал Книги
Скрит в OPAC Не
944 ## - СЪЗДАВАНЕ И РЕДАКЦИЯ на ЗАПИСА
Създаване/Редакция Създаване
Дата на регистрацията/редакция 16.08.2017
Служител, извършил регистрацията/редакцията Камелия_Данева
944 ## - СЪЗДАВАНЕ И РЕДАКЦИЯ на ЗАПИСА
Създаване/Редакция Редакция
Дата на регистрацията/редакция 16.08.2017
Служител, извършил регистрацията/редакцията Камелия_Данева
999 ## - СИСТЕМНИ КОНТРОЛНИ НОМЕРА
Koha biblionumber 201868
Koha biblioitemnumber 201868
Наличности
Код за отписване Код за изгубен артикул Източник на класификационната схема Код за повреда Коз за рестрикции Код за отдаване Артикулен № Име на библиотеката - собственик Име на библиотеката, в която се намира в момента Статус (Текущо местоположение) Дата на вписване в системата Местоположение - отдел Цена в лева Инвентарен номер Систематично азбучна сигнатура Баркод Номер на екземпляра Цена в евро Служебна бележка Служебен тип на артикула
  Не е изгубен Universal Decimal Classification Не е повреден без рестрикции ползва се в читалня 349345 Регионална библиотека "Любен Каравелов" Русе Регионална библиотека "Любен Каравелов" Русе Хранилище 1988-01-01 Хранилище 1.20 517298 Цб 158004 120000517298 1 0.61 Дост: Dp Вид: Д N: стар фонд Дата: 01.01.1988 Книги
Изтеглен Не е изгубен Universal Decimal Classification Не е повреден без рестрикции заемане за дома 349346 Регионална библиотека "Любен Каравелов" Русе Регионална библиотека "Любен Каравелов" Русе Заемна - подръчен фонд 1988-01-01 Заемна - подръчен фонд 1.20 520818 П 51/Ч 82 520818 2 0.61 N: стар фонд Дата: 01.01.1988 Книги
Vip Innovations Ltd, Rousse, Bulgaria 2025